[Event "Lippe Cup 04th"]
[Site "Lieme"]
[Date "2007.09.30"]
[Round "5"]
[White "Kirchner, Martin"]
[Black "Steinbach, Juergen"]
[Result "0-1"]
[WhiteElo "1360"]
[BlackElo "1608"]
[PlyCount "58"]
[EventDate "2007.09.28"]
[EventType "swiss"]
[EventRounds "5"]
[EventCountry "GER"]
[SourceTitle "EXT 2012"]
[Source "ChessBase"]
[SourceDate "2011.11.24"]
[SourceVersion "1"]
[SourceVersionDate "2011.11.24"]
[SourceQuality "1"]

1. e4 e6 2. d4 d5 3. e5 c5 4. dxc5 Nc6 5. Nf3 Bxc5 6. Bb5 Bxf2+ 7. Kxf2 Qb6+ 8. Be3 Qxb5 9. b3 Nge7 10. Nc3 Qa6 11. Re1 b6 12. Kg1 Nf5 13. Bf2 Bd7 14. a4 Nb4 15. Rc1 Rc8 16. Qd2 Qa5 17. Nd4 Nxd4 18. Bxd4 Na2 19. Re3 Nxc1 20. Qxc1 Qb4 21. Rd3 h6 22. Na2 Qe7 23. Nc3 g5 24. Ne2 Bc6 25. Be3 f6 26. Bd4 fxe5 27. Bxe5 Rf8 28. Ng3 Ba8 29. Nh5 Qc5+ 0-1